[Event "ROU-chT 1st League 2019"]
[Site "Mamaia"]
[Date "2019.09.24"]
[Round "4.1"]
[White "Kuzubov, Yuriy"]
[Black "Kozak, Adam"]
[Result "1/2-1/2"]
[WhiteElo "2636"]
[BlackElo "2512"]
[Annotator "TA"]
[PlyCount "97"]
[EventDate "2019.09.21"]
[EventType "team-tourn"]
[EventCountry "ROU"]
[SourceTitle "playchess.com"]
[Source "ChessBase"]
[SourceQuality "1"]

{[%evp 12,97,17,0,17,20,11,9,22,15,20,20,9,24,17,9,10,14,46,48,101,75,81,70,70,71,78,56,69,47,125,111,122,95,93,72,67,62,75,54,118,118,116,114,108,110,277,277,277,277,277,277,262,253,226,233,275,275,280,142,142,142,142,142,142,142,148,148,148,148,148,148,148,148,148,35,148,148,148,148,148,0,148,148,148,0,148,0]} 1. d4 Nf6 2. c4 e6 3. Nf3 b6 4. g3 Bb7 5. Bg2 Be7 6. Nc3 O-O 7. Qc2 Na6 {E17: Queen's Indian: 4 g3 Bb7 5 Bg2 Be7} (7... d5 8. cxd5 exd5 9. O-O Nbd7 10. Bf4 c5 11. Rad1 Rc8 12. dxc5 Nxc5 13. Nd4 Nce4 14. Qa4 Nc5 15. Qc2 Nce4 16. Qa4 Nc5 17. Qc2 Nce4 {½-½ (17) Gunina,V (2496)-Inarkiev,E (2693) Moscow 2018}) 8. e4 d5 9. cxd5 exd5 {The position is equal.} 10. e5 Ne4 11. O-O c5 12. Be3 Rc8 13. Rac1 Qd7 14. Rfd1 cxd4 $146 ({Predecessor:} 14... Rfd8 15. Qb1 {½-½ (51) Wallach,N (2190)-Veiseh,D (1964) LSS email 2009}) 15. Nxd4 Nac5 (15... Bc5 $14) 16. Nde2 $36 {[%mdl 2048] Black is under strong pressure.} Rfd8 17. Nf4 {And now Nfxd5 would win.} Nxc3 18. bxc3 Qc7 19. Bxc5 Bxc5 20. e6 {[%cal Rf4d5]} Rd6 (20... Kh8 $14) 21. Bxd5 $16 Bxd5 22. Nxd5 (22. Rxd5 $6 fxe6 23. Rxd6 Qxd6 $14) 22... Qb7 23. exf7+ (23. Qe4 {keeps more tension.} Kh8 24. e7 Re8 25. Qa4 Qc6 26. Qxc6 Rxc6 27. Kg2) 23... Qxf7 24. Nf4 $1 Rf6 25. Rd2 Rxf4 ({Better is} 25... Rf8 $14) 26. gxf4 Qxf4 27. Qd3 Bxf2+ 28. Kh1 Be3 $2 {[#]} (28... Bc5 $16 {was worth a try.}) 29. Rf1 $1 $18 {[%mdl 512]} Qxf1+ 30. Qxf1 Bxd2 {[%mdl 4096] Endgame KQ-KRB} 31. Qe2 {Threatens to win with Qe6+.} Rd8 32. Qe7 $1 {[%cal Re7d8]} Rf8 33. c4 ({Don't play} 33. Qxa7 $6 Be3 $16) 33... g6 {[#]} 34. a4 $1 ({Less strong is} 34. Qxa7 Be3 $16) 34... Ba5 {[#]} 35. Qxa7 (35. c5 $1 $18 {[%cal Rc5c6]} bxc5 36. Qxa7) 35... Rf5 36. Qe7 Rh5 37. Kg2 Rf5 38. h3 Rh5 39. Qd8+ Kg7 40. Qd7+ Kg8 41. Kf3 Rf5+ 42. Ke4 Rh5 43. h4 (43. Qe8+ $16 Kg7 44. Qe7+ Kg8 45. Qd7) 43... Rf5 (43... Rxh4+ $14 44. Kd3 Rh5) 44. Qe7 Rh5 45. Qe8+ Kg7 46. Qe7+ Kg8 47. Qe6+ Kg7 48. Qe7+ Kg8 49. Qe6+ {Accuracy: White = 70%, Black = 46%.} ({White should play} 49. Kd3 $16) 1/2-1/2

[Event "ROU-chT 1st League 2019"]
[Site "Mamaia"]
[Date "2019.09.24"]
[Round "4.2"]
[White "Gavrilescu, David"]
[Black "Baklan, Vladimir"]
[Result "1/2-1/2"]
[WhiteElo "2451"]
[BlackElo "2604"]
[Annotator "TA"]
[PlyCount "54"]
[EventDate "2019.09.21"]
[EventType "team-tourn"]
[EventCountry "ROU"]
[SourceTitle "playchess.com"]
[Source "ChessBase"]
[SourceQuality "1"]

{[%evp 9,54,14,17,15,15,11,15,15,15,12,18,9,18,20,17,24,24,6,7,4,22,0,0,0,2,0,0,0,0,0,56,61,52,18,35,47,47,47,46,41,46,44,49,43,61,66,63]} 1. e4 c5 2. Nf3 Nc6 3. Bb5 g6 4. O-O Bg7 5. Nc3 e5 6. a3 $146 {B31: Sicilian: 2...Nc6 3 Bb5 g6} (6. d3 Nge7 7. Bc4 O-O 8. a3 d6 9. h3 h6 10. b4 Kh7 11. bxc5 dxc5 12. Rb1 b6 13. Nd5 Be6 14. Nxe7 Qxe7 {1-0 (55) Le,Q (2737)-Dubov,D (2694) Caleta 2018}) 6... Nge7 7. b4 d6 8. bxc5 {The position is equal.} dxc5 9. d3 O-O 10. Bc4 h6 11. a4 Kh7 12. h3 b6 13. Nd5 Be6 {[%cal Re7d5]} 14. Ne3 Qd7 15. Rb1 f5 16. Bb2 fxe4 17. dxe4 Nd4 {[#] White must now prevent ...Bxc4.} 18. Bxe6 Qxe6 19. Nd2 h5 ({Black should try} 19... Rad8 $11) 20. c3 $14 Ndc6 21. c4 Rf7 22. a5 $36 {[%mdl 2048] White is slightly better. White has good play.} Nxa5 23. Nf3 $1 {[%cal Rf3g5]} Rxf3 $1 24. Qxf3 Nxc4 25. Nxc4 Qxc4 26. Rbd1 Nc6 27. Rd7 {[%mdl 1024] White has compensation.} Qe6 {Accuracy: White = 70%, Black = 67%.} 1/2-1/2

[Event "ROU-chT 1st League 2019"]
[Site "Mamaia"]
[Date "2019.09.24"]
[Round "4.3"]
[White "Rogozenco, Dorian"]
[Black "Carmaciu, Lucian-Catalin"]
[Result "1/2-1/2"]
[WhiteElo "2491"]
[BlackElo "2375"]
[Annotator "ChessBase"]
[PlyCount "87"]
[EventDate "2019.09.21"]
[EventType "team-tourn"]
[EventCountry "ROU"]
[SourceTitle "playchess.com"]
[Source "ChessBase"]
[SourceQuality "1"]
[TimeControl "40/5400+30:1800+30"]

1. d4 {[%emt 0:00:00]} g6 {[%emt 0:00:00]} 2. c4 {[%emt 0:01:43]} Bg7 {[%emt 0:00:00]} 3. Nf3 {[%emt 0:01:13]} c5 {[%emt 0:00:02]} 4. d5 {[%emt 0:07:13]} e5 {[%emt 0:00:58]} 5. e4 {[%emt 0:01:39]} d6 {[%emt 0:00:06]} 6. Nc3 {[%emt 0:00:04]} Ne7 {[%emt 0:00:15]} 7. h4 {[%emt 0:00:11]} h6 {[%emt 0:06:10]} 8. h5 {[%emt 0:17:20]} g5 {[%emt 0:00:06]} 9. Bd3 {[%emt 0:00:58]} O-O {[%emt 0:06:18]} 10. Nh2 {[%emt 0:16:26]} f5 {[%emt 0:01:13]} 11. g4 {[%emt 0:21:28]} f4 {[%emt 0:04:23]} 12. f3 {[%emt 0:00:49]} Bd7 {[%emt 0:04:10]} 13. O-O {[%emt 0:00:54]} Nc8 {[%emt 0:00:14]} 14. a3 {[%emt 0:01:47]} a5 {[%emt 0:01:54]} 15. Rf2 {[%emt 0:02:30]} Bf6 {[%emt 0:03:57]} 16. Rb1 {[%emt 0:01:32]} Na6 {[%emt 0:01:59]} 17. b3 {[%emt 0:01:10]} Qe8 {[%emt 0:00:10]} 18. Rfb2 {[%emt 0:00:06]} Na7 {[%emt 0:01:04]} 19. Qe2 {[%emt 0:02:17]} Bd8 {[%emt 0:08:42]} 20. Nf1 {[%emt 0:02:38]} Rb8 {[%emt 0:01:26]} 21. Bd2 {[%emt 0:02:56]} Rf7 {[%emt 0:01:59]} 22. Be1 {[%emt 0:00:05]} b6 {[%emt 0:17:49]} 23. Bf2 {[%emt 0:02:08]} Ra8 {[%emt 0:02:08]} 24. Nd2 {[%emt 0:00:48]} Bc7 {[%emt 0:03:27]} 25. Qf1 {[%emt 0:02:14]} Qb8 {[%emt 0:20:07]} 26. Kh2 {[%emt 0:02:05]} Be8 {[%emt 0:00:48]} 27. Na2 {[%emt 0:00:22]} Nc8 {[%emt 0:02:43]} 28. Ra1 {[%emt 0:02:10]} Bd8 {[%emt 0:00:26]} 29. Nb1 {[%emt 0:00:07]} Rfa7 {[%emt 0:03:41]} 30. Nbc3 {[%emt 0:00:09]} Kf8 {[%emt 0:00:28]} 31. Rab1 {[%emt 0:00:17]} Qc7 {[%emt 0:01:45]} 32. Kg2 {[%emt 0:03:48]} Kg8 {[%emt 0:02:49]} 33. Qc1 {[%emt 0:00:46]} Kf8 {[%emt 0:00:10]} 34. Be2 {[%emt 0:01:37]} Kg8 {[%emt 0:00:07]} 35. Rc2 {[%emt 0:01:36]} Kf8 {[%emt 0:01:43]} 36. b4 {[%emt 0:01:26]} axb4 {[%emt 0:00:38]} 37. axb4 {[%emt 0:00:06]} Qe7 {[%emt 0:03:18]} 38. Nb5 {[%emt 0:03:00]} Bxb5 {[%emt 0:00:49]} 39. cxb5 {[%emt 0:00:05]} Nb8 {[%emt 0:00:12]} 40. bxc5 {[%emt 0:00:00]} Rxa2 {[%emt 0:00:00]} 41. c6 {[%emt 0:02:02]} Rxc2 {[%emt 0:02:58]} 42. Qxc2 {[%emt 0:00:15]} Qc7 {[%emt 0:00:14]} 43. Rb2 {[%emt 0:03:34]} Ra1 {[%emt 0:06:33]} 44. Ra2 {[%emt 0:02:00]} 1/2-1/2

[Event "ROU-chT 1st League 2019"]
[Site "Mamaia"]
[Date "2019.09.24"]
[Round "4.4"]
[White "Pisu, Robert-Daniel"]
[Black "Manolache, Marius"]
[Result "1-0"]
[WhiteElo "2244"]
[BlackElo "2548"]
[Annotator "ChessBase"]
[PlyCount "119"]
[EventDate "2019.09.21"]
[EventType "team-tourn"]
[EventCountry "ROU"]
[SourceTitle "playchess.com"]
[Source "ChessBase"]
[SourceQuality "1"]
[TimeControl "40/5400+30:1800+30"]

1. d4 {[%emt 0:00:00]} Nf6 {[%emt 0:02:00]} 2. c4 {[%emt 0:00:00]} c5 {[%emt 0:00:32]} 3. d5 {[%emt 0:00:09]} g6 {[%emt 0:00:12]} 4. Nc3 {[%emt 0:00:18]} Bg7 {[%emt 0:00:09]} 5. e4 {[%emt 0:00:38]} d6 {[%emt 0:00:07]} 6. Nf3 {[%emt 0:01:50]} O-O {[%emt 0:00:12]} 7. Be2 {[%emt 0:00:59]} e6 {[%emt 0:01:31]} 8. O-O {[%emt 0:00:24]} Re8 {[%emt 0:03:22]} 9. h3 {[%emt 0:05:21]} exd5 {[%emt 0:05:13]} 10. exd5 {[%emt 0:00:39]} Ne4 {[%emt 0:00:40]} 11. Nxe4 {[%emt 0:07:35]} Rxe4 {[%emt 0:00:07]} 12. Bd3 {[%emt 0:01:29]} Re8 {[%emt 0:00:06]} 13. Bg5 {[%emt 0:13:01]} Qb6 {[%emt 0:08:54]} 14. Re1 {[%emt 0:04:16]} Bd7 {[%emt 0:01:03]} 15. Rxe8+ {[%emt 0:05:37]} Bxe8 {[%emt 0:00:04]} 16. Qe2 {[%emt 0:01:06]} Nd7 {[%emt 0:00:52]} 17. Bf4 {[%emt 0:16:26]} a5 {[%emt 0:11:24]} 18. h4 {[%emt 0:15:33]} Nf6 {[%emt 0:05:22]} 19. Rb1 {[%emt 0:05:28]} Qc7 {[%emt 0:11:14]} 20. Re1 {[%emt 0:00:11]} Kf8 {[%emt 0:05:00]} 21. Ng5 {[%emt 0:02:25]} Rd8 {[%emt 0:05:01]} 22. b3 {[%emt 0:08:13]} Ra8 {[%emt 0:13:12]} 23. Qe6 {[%emt 0:00:58]} Rd8 {[%emt 0:01:04]} 24. Qe2 {[%emt 0:00:48]} Kg8 {[%emt 0:11:21]} 25. Ne4 {[%emt 0:01:41]} Nxe4 {[%emt 0:01:02]} 26. Qxe4 {[%emt 0:00:02]} Kf8 {[%emt 0:02:23]} 27. h5 {[%emt 0:02:11]} f5 {[%emt 0:00:31]} 28. Qf3 {[%emt 0:00:39]} Bf7 {[%emt 0:00:12]} 29. Qg3 {[%emt 0:01:24]} Rd7 {[%emt 0:00:52]} 30. hxg6 hxg6 31. Re6 {[%emt 0:02:11]} Qd8 {[%emt 0:04:33]} 32. Rxd6 {[%emt 0:00:37]} Kg8 {[%emt 0:03:15]} 33. Rxd7 {[%emt 0:01:26]} Qxd7 {[%emt 0:00:02]} 34. Be5 {[%emt 0:00:30]} Bf8 {[%emt 0:01:00]} 35. Qh4 {[%emt 0:00:30]} Bg7 {[%emt 0:00:05]} 36. Qg3 {[%emt 0:00:32]} Bf8 {[%emt 0:00:55]} 37. Qh2 {[%emt 0:00:09]} Bg7 {[%emt 0:00:06]} 38. Bxg7 {[%emt 0:00:04]} Kxg7 {[%emt 0:00:04]} 39. Qe5+ {[%emt 0:00:03]} Kg8 {[%emt 0:01:01]} 40. f4 {[%emt 0:00:00]} Qd8 {[%emt 0:00:00]} 41. Be2 {[%emt 0:04:58]} a4 {[%emt 0:01:43]} 42. Bf3 {[%emt 0:02:30]} axb3 {[%emt 0:00:11]} 43. axb3 {[%emt 0:00:02]} b5 {[%emt 0:00:04]} 44. d6 {[%emt 0:06:59]} bxc4 {[%emt 0:00:06]} 45. bxc4 {[%emt 0:00:04]} Bxc4 {[%emt 0:00:51]} 46. Qxc5 {[%emt 0:00:20]} Be6 {[%emt 0:00:47]} 47. Bd5 {[%emt 0:01:42]} Qe8 {[%emt 0:03:50]} 48. Qc6 {[%emt 0:02:57]} Qxc6 {[%emt 0:00:38]} 49. Bxc6 {[%emt 0:00:02]} Kf7 {[%emt 0:00:09]} 50. Kf2 {[%emt 0:00:08]} Bb3 {[%emt 0:00:28]} 51. Ke3 {[%emt 0:00:44]} Ke6 {[%emt 0:00:53]} 52. d7 {[%emt 0:00:04]} Ke7 {[%emt 0:00:02]} 53. Kd4 {[%emt 0:00:07]} Bc2 {[%emt 0:00:24]} 54. Ke5 {[%emt 0:02:20]} Bb3 {[%emt 0:04:12]} 55. Bb5 {[%emt 0:01:24]} Ba2 {[%emt 0:01:42]} 56. g3 {[%emt 0:01:55]} Bb3 {[%emt 0:00:10]} 57. d8=Q+ {[%emt 0:03:38]} Kxd8 {[%emt 0:00:05]} 58. Kf6 {[%emt 0:00:03]} Bc2 {[%emt 0:00:30]} 59. Bc4 {[%emt 0:00:06]} g5 {[%emt 0:01:28]} 60. fxg5 {[%emt 0:00:06]} 1-0

[Event "ROU-chT 1st League 2019"]
[Site "Mamaia"]
[Date "2019.09.24"]
[Round "4.5"]
[White "Anton, Teodor"]
[Black "Dobrin, Ionut-Alexandru"]
[Result "1-0"]
[WhiteElo "2445"]
[BlackElo "2089"]
[Annotator "NA"]
[PlyCount "111"]
[EventDate "2019.09.21"]
[EventType "team-tourn"]
[EventCountry "ROU"]
[SourceTitle "playchess.com"]
[Source "ChessBase"]
[SourceQuality "1"]
[TimeControl "40/5400+30:1800+30"]

1. d4 {[%emt 0:00:00]} Nf6 {[%emt 0:00:09]} 2. c4 {[%emt 0:00:00]} c5 {[%emt 0:00:16]} 3. d5 {[%emt 0:00:05]} b5 {[%emt 0:00:10]} 4. cxb5 {[%emt 0:00:27]} a6 {[%emt 0:00:09]} 5. b6 {[%emt 0:00:06]} d6 {[%emt 0:00:56]} 6. Nc3 {[%emt 0:00:31]} Nbd7 {[%emt 0:00:48]} 7. Nf3 {[%emt 0:00:14]} g6 {[%emt 0:00:19]} 8. e4 {[%emt 0:00:21]} Bg7 {[%emt 0:00:38]} 9. a4 {[%emt 0:00:35]} a5 {[%emt 0:01:19]} 10. Bb5 {[%emt 0:00:30]} O-O {[%emt 0:02:24]} 11. O-O {[%emt 0:02:24]} Bb7 {[%emt 0:02:38]} 12. Re1 {[%emt 0:01:06]} Nxb6 {[%emt 0:02:14]} 13. Bf4 {[%emt 0:02:13]} Ne8 {[%emt 0:11:16]} 14. Qd2 {[%emt 0:04:10]} Nc7 {[%emt 0:03:30]} 15. Bh6 {[%emt 0:02:14]} e6 {[%emt 0:06:21]} 16. Bxg7 {[%emt 0:01:44]} Kxg7 {[%emt 0:00:13]} 17. dxe6 {[%emt 0:08:27]} fxe6 {[%emt 0:00:47]} 18. Rad1 {[%emt 0:00:31]} Nc8 {[%emt 0:08:39]} 19. Ne5 {[%emt 0:06:31]} Qh4 {[%emt 0:11:54]} 20. Nc6 {[%emt 0:16:52]} Nxb5 {[%emt 0:03:53]} 21. axb5 {[%emt 0:00:27]} Bxc6 {[%emt 0:00:38]} 22. bxc6 {[%emt 0:00:06]} Ra6 {[%emt 0:03:39]} 23. c7 {[%emt 0:01:30]} Qe7 {[%emt 0:00:54]} 24. Nb5 {[%emt 0:00:50]} Rb6 {[%emt 0:01:53]} 25. Qxa5 {[%emt 0:01:56]} Qd7 {[%emt 0:00:28]} 26. Na3 {[%emt 0:02:25]} Rc6 {[%emt 0:06:53]} 27. Nc4 {[%emt 0:05:25]} Rxc7 {[%emt 0:03:01]} 28. Re3 {[%emt 0:05:19]} Qe7 {[%emt 0:04:21]} 29. Red3 {[%emt 0:00:37]} Rd8 {[%emt 0:00:56]} 30. Qd2 {[%emt 0:00:44]} Rb7 {[%emt 0:01:52]} 31. h3 {[%emt 0:08:10]} Rbd7 {[%emt 0:02:59]} 32. Ne5 {[%emt 0:00:33]} Rc7 {[%emt 0:00:14]} 33. Ng4 {[%emt 0:05:07]} Rf8 {[%emt 0:01:43]} 34. Qc3+ {[%emt 0:01:03]} Kf7 {[%emt 0:03:08]} 35. Nf6 {[%emt 0:00:37]} Qxf6 {[%emt 0:01:37]} 36. Rf3 {[%emt 0:00:23]} Qxf3 {[%emt 0:00:02]} 37. Qxf3+ {[%emt 0:00:05]} Kg8 {[%emt 0:01:39]} 38. Qc3 {[%emt 0:00:53]} Rd7 {[%emt 0:01:00]} 39. e5 {[%emt 0:00:42]} Rf5 {[%emt 0:01:45]} 40. g4 {[%emt 0:00:00]} Rxe5 {[%emt 0:00:00]} 41. Qxe5 {[%emt 0:00:48]} dxe5 {[%emt 0:02:03]} 42. Rxd7 {[%emt 0:00:06]} Nb6 {[%emt 0:00:06]} 43. Rc7 {[%emt 0:01:21]} Nc4 {[%emt 0:02:42]} 44. Rxc5 {[%emt 0:01:39]} Nxb2 {[%emt 0:00:07]} 45. Rxe5 {[%emt 0:00:03]} Kf7 {[%emt 0:00:16]} 46. Rb5 {[%emt 0:00:16]} Nd3 {[%emt 0:01:14]} 47. Rb7+ {[%emt 0:00:36]} Kg8 {[%emt 0:00:01]} 48. Kg2 {[%emt 0:00:17]} g5 {[%emt 0:01:42]} 49. Kg3 {[%emt 0:00:23]} Kh8 {[%emt 0:00:29]} 50. Re7 {[%emt 0:00:16]} e5 {[%emt 0:01:43]} 51. f3 {[%emt 0:02:07]} Kg8 {[%emt 0:00:13]} 52. h4 {[%emt 0:01:09]} gxh4+ {[%emt 0:00:08]} 53. Kxh4 {[%emt 0:00:10]} Nf4 {[%emt 0:00:03]} 54. Kg5 {[%emt 0:00:13]} Ng6 {[%emt 0:00:25]} 55. Ra7 {[%emt 0:00:32]} Nf4 {[%emt 0:01:42]} 56. Kf6 {[%emt 0:00:15]} 1-0

[Event "ROU-chT 1st League 2019"]
[Site "Mamaia"]
[Date "2019.09.24"]
[Round "4.6"]
[White "Craciun, Alexandru-Emilian"]
[Black "Banzea, Alexandru-Bogdan"]
[Result "0-1"]
[WhiteElo "2077"]
[BlackElo "2401"]
[Annotator "NA"]
[PlyCount "138"]
[EventDate "2019.09.21"]
[EventType "team-tourn"]
[EventCountry "ROU"]
[SourceTitle "playchess.com"]
[Source "ChessBase"]
[SourceQuality "1"]
[TimeControl "40/5400+30:1800+30"]

1. e4 {[%emt 0:00:00]} c6 {[%emt 0:00:00]} 2. d4 {[%emt 0:00:32]} d5 {[%emt 0:00:03]} 3. Nc3 {[%emt 0:00:28]} dxe4 {[%emt 0:00:54]} 4. Nxe4 {[%emt 0:00:12]} Bf5 {[%emt 0:00:46]} 5. Ng3 {[%emt 0:00:21]} Bg6 {[%emt 0:00:08]} 6. h4 {[%emt 0:00:39]} h6 {[%emt 0:00:06]} 7. Nf3 {[%emt 0:00:09]} e6 {[%emt 0:00:13]} 8. h5 {[%emt 0:01:13]} Bh7 {[%emt 0:00:06]} 9. Bd3 {[%emt 0:00:10]} Bxd3 {[%emt 0:00:09]} 10. Qxd3 {[%emt 0:00:07]} Nf6 {[%emt 0:00:08]} 11. Bd2 {[%emt 0:01:30]} c5 {[%emt 0:00:17]} 12. O-O-O {[%emt 0:11:00]} Nc6 {[%emt 0:03:30]} 13. Bc3 {[%emt 0:06:23]} Be7 {[%emt 0:06:10]} 14. dxc5 {[%emt 0:09:48]} Qxd3 {[%emt 0:00:40]} 15. Rxd3 {[%emt 0:00:45]} Bxc5 {[%emt 0:00:25]} 16. Bxf6 {[%emt 0:11:41]} gxf6 {[%emt 0:00:02]} 17. Ne4 {[%emt 0:00:58]} Be7 {[%emt 0:00:03]} 18. Nd6+ {[%emt 0:07:19]} Bxd6 {[%emt 0:00:15]} 19. Rxd6 {[%emt 0:00:15]} Rg8 {[%emt 0:00:51]} 20. g3 {[%emt 0:00:35]} Rd8 {[%emt 0:00:34]} 21. Rxd8+ {[%emt 0:01:17]} Kxd8 {[%emt 0:00:05]} 22. c3 {[%emt 0:07:13]} Ke7 {[%emt 0:00:33]} 23. Kd2 {[%emt 0:01:47]} Rd8+ {[%emt 0:00:37]} 24. Ke2 {[%emt 0:00:39]} Rd5 {[%emt 0:00:11]} 25. Rh4 {[%emt 0:07:31]} f5 {[%emt 0:02:00]} 26. Nd2 {[%emt 0:04:14]} Ne5 {[%emt 0:04:34]} 27. Ra4 {[%emt 0:09:42]} a5 {[%emt 0:02:51]} 28. b4 {[%emt 0:03:25]} axb4 {[%emt 0:01:52]} 29. Rxb4 {[%emt 0:00:53]} Rd7 {[%emt 0:00:35]} 30. Nb3 {[%emt 0:01:31]} Rc7 {[%emt 0:01:08]} 31. Na5 {[%emt 0:05:28]} Rxc3 {[%emt 0:00:16]} 32. Rxb7+ {[%emt 0:00:09]} Kf6 {[%emt 0:00:56]} 33. Rb2 {[%emt 0:02:40]} Ra3 {[%emt 0:07:31]} 34. Nb3 {[%emt 0:00:26]} Nc4 {[%emt 0:01:28]} 35. Rc2 {[%emt 0:00:07]} Nb6 {[%emt 0:00:11]} 36. Nd2 {[%emt 0:03:34]} Nd5 {[%emt 0:01:31]} 37. Nc4 {[%emt 0:01:54]} Rxa2 {[%emt 0:00:27]} 38. Rxa2 {[%emt 0:00:02]} Nc3+ {[%emt 0:00:09]} 39. Ke3 {[%emt 0:00:46]} Nxa2 {[%emt 0:00:06]} 40. f4 {[%emt 0:00:00]} Nc3 {[%emt 0:00:00]} 41. Kf3 {[%emt 0:06:57]} Nd5 {[%emt 0:03:09]} 42. Ne5 {[%emt 0:12:00]} Kg7 {[%emt 0:01:35]} 43. g4 {[%emt 0:00:24]} fxg4+ {[%emt 0:00:36]} 44. Kxg4 {[%emt 0:00:24]} Ne7 {[%emt 0:04:46]} 45. Kh4 {[%emt 0:02:41]} f6 {[%emt 0:01:31]} 46. Nd3 {[%emt 0:00:58]} Nc6 {[%emt 0:02:37]} 47. Kg3 {[%emt 0:02:42]} Kf7 {[%emt 0:01:19]} 48. Nf2 {[%emt 0:01:05]} f5 {[%emt 0:01:22]} 49. Nd3 {[%emt 0:07:27]} Ke7 {[%emt 0:00:18]} 50. Ne1 {[%emt 0:01:53]} Kd6 {[%emt 0:00:41]} 51. Kf3 {[%emt 0:00:45]} e5 {[%emt 0:05:17]} 52. fxe5+ {[%emt 0:00:25]} Kxe5 {[%emt 0:00:08]} 53. Nd3+ {[%emt 0:00:35]} Kf6 {[%emt 0:00:06]} 54. Nc5 {[%emt 0:00:44]} Nd4+ {[%emt 0:00:37]} 55. Ke3 {[%emt 0:00:29]} Ne6 {[%emt 0:01:08]} 56. Nb7 {[%emt 0:00:13]} Ke5 {[%emt 0:01:30]} 57. Na5 {[%emt 0:00:20]} Ng7 {[%emt 0:00:36]} 58. Nc6+ {[%emt 0:00:37]} Kf6 {[%emt 0:00:07]} 59. Kf3 {[%emt 0:00:32]} Nxh5 {[%emt 0:00:11]} 60. Nd4 {[%emt 0:00:20]} Ng7 {[%emt 0:00:57]} 61. Kg3 {[%emt 0:00:20]} Ke5 {[%emt 0:01:26]} 62. Ne2 {[%emt 0:00:25]} Ke4 {[%emt 0:04:33]} 63. Nc3+ {[%emt 0:00:28]} Kd4 {[%emt 0:01:31]} 64. Ne2+ {[%emt 0:00:28]} Ke3 {[%emt 0:00:32]} 65. Nf4 {[%emt 0:00:10]} Ke4 {[%emt 0:00:04]} 66. Ne2 {[%emt 0:01:20]} Ne6 {[%emt 0:02:01]} 67. Nc3+ {[%emt 0:00:49]} Kd4 {[%emt 0:00:18]} 68. Ne2+ {[%emt 0:00:27]} Ke3 {[%emt 0:00:25]} 69. Ng1 {[%emt 0:00:04]} Ng5 {[%emt 0:00:48]} 0-1

[Event "ROU-chT 1st League 2019"]
[Site "Mamaia"]
[Date "2019.09.24"]
[Round "4.7"]
[White "Zubov, Alexander"]
[Black "Erdos, Viktor"]
[Result "1/2-1/2"]
[WhiteElo "2612"]
[BlackElo "2604"]
[Annotator "TA"]
[PlyCount "63"]
[EventDate "2019.09.21"]
[EventType "team-tourn"]
[EventCountry "ROU"]
[SourceTitle "playchess.com"]
[Source "ChessBase"]
[SourceQuality "1"]

{[%evp 9,63,22,21,30,18,27,27,18,29,25,39,20,27,30,29,33,28,27,29,26,38,32,31,41,43,38,42,35,38,37,55,49,43,42,51,43,40,48,57,22,19,28,28,25,32,21,37,12,78,62,92,46,60,53,47,47]} 1. c4 e5 2. Nc3 Bb4 3. Nd5 Bc5 4. e3 Nf6 5. b4 Nxd5 6. bxc5 {A21: English Opening: 1...e5 2 Nc3} Nf6 7. Nf3 $146 ({Predecessor:} 7. Bb2 Qe7 {½-½ (25) Cheparinov,I (2695)-Fedorchuk,S (2640) Mali Losinj 2017}) 7... Qe7 8. Bb2 {White has an edge.} Nc6 9. d4 exd4 10. Nxd4 Nxd4 11. Qxd4 b6 12. Qe5 Qxe5 13. Bxe5 Kd8 14. Bd4 Re8 15. Bd3 Bb7 16. f3 bxc5 17. Bxc5 d6 18. Bd4 Nd7 19. Kf2 Ne5 20. Be2 c5 21. Bc3 f6 22. Rab1 Ba6 23. Rhc1 Ke7 24. Bd2 Reb8 25. Rb3 Rb6 26. f4 Nc6 27. g4 Rab8 28. Bf3 {Threatens to win with Bxc6.} Nb4 {[#]} (28... Kd7 $11 {keeps the balance.}) 29. Ra3 $1 $16 Kf8 30. Kg3 Re8 31. h4 Re7 32. h5 {Accuracy: White = 72%, Black = 71%.} 1/2-1/2

[Event "ROU-chT 1st League 2019"]
[Site "Mamaia"]
[Date "2019.09.24"]
[Round "4.8"]
[White "Gonda, Laszlo"]
[Black "Sivuk, Vitaly"]
[Result "1/2-1/2"]
[WhiteElo "2541"]
[BlackElo "2559"]
[Annotator "ChessBase"]
[PlyCount "63"]
[EventDate "2019.09.21"]
[EventType "team-tourn"]
[EventCountry "ROU"]
[SourceTitle "playchess.com"]
[Source "ChessBase"]
[SourceQuality "1"]
[TimeControl "40/5400+30:1800+30"]

1. Nf3 {[%emt 0:00:00]} d5 {[%emt 0:00:00]} 2. g3 {[%emt 0:00:00]} Bg4 {[%emt 0:00:00]} 3. Bg2 {[%emt 0:00:00]} Nd7 {[%emt 0:00:09]} 4. c4 {[%emt 0:03:47]} e6 {[%emt 0:00:13]} 5. cxd5 {[%emt 0:00:36]} exd5 {[%emt 0:00:08]} 6. O-O {[%emt 0:00:56]} Ngf6 {[%emt 0:00:46]} 7. d3 {[%emt 0:01:10]} c6 {[%emt 0:00:12]} 8. h3 {[%emt 0:01:34]} Bxf3 {[%emt 0:05:08]} 9. exf3 {[%emt 0:00:08]} Be7 {[%emt 0:00:36]} 10. f4 {[%emt 0:00:05]} O-O {[%emt 0:00:12]} 11. Nd2 {[%emt 0:00:03]} Ne8 {[%emt 0:06:22]} 12. Nf3 {[%emt 0:00:13]} Nd6 {[%emt 0:00:15]} 13. h4 {[%emt 0:15:41]} Re8 {[%emt 0:00:42]} 14. Bh3 {[%emt 0:03:45]} Bf6 {[%emt 0:02:59]} 15. Qc2 {[%emt 0:00:34]} a5 {[%emt 0:04:10]} 16. a4 {[%emt 0:16:03]} Nb8 {[%emt 0:02:38]} 17. g4 {[%emt 0:03:00]} g6 {[%emt 0:01:44]} 18. f5 {[%emt 0:05:45]} gxf5 {[%emt 0:12:08]} 19. gxf5 {[%emt 0:00:41]} Nd7 {[%emt 0:06:04]} 20. Kh1 {[%emt 0:02:14]} Kh8 {[%emt 0:03:54]} 21. Rg1 {[%emt 0:08:40]} Qb6 {[%emt 0:07:53]} 22. Bf4 {[%emt 0:05:47]} Qb4 {[%emt 0:01:42]} 23. d4 {[%emt 0:02:18]} Ne4 {[%emt 0:04:36]} 24. Be3 {[%emt 0:03:15]} Rg8 {[%emt 0:02:54]} 25. Ng5 {[%emt 0:06:58]} Qe7 {[%emt 0:12:26]} 26. Rae1 {[%emt 0:01:08]} Rg7 {[%emt 0:07:16]} 27. Qd1 {[%emt 0:02:47]} Rag8 {[%emt 0:07:00]} 28. Qh5 {[%emt 0:01:18]} Qf8 {[%emt 0:00:13]} 29. Rg2 {[%emt 0:04:49]} c5 {[%emt 0:03:54]} 30. dxc5 {[%emt 0:07:25]} Nexc5 {[%emt 0:00:30]} 31. Reg1 {[%emt 0:00:42]} d4 {[%emt 0:00:47]} 32. Nxf7+ {[%emt 0:00:23]} 1/2-1/2